000 01235nam a2200253Ia 4500
003 OSt
005 20220930204414.0
006 a|||||r|||| 00| 0
007 ta
008 220926b |||||||| |||| 00| 0 hin d
024 _a35794
037 _cDissertations
040 _aCRL
_cCRL
_bhin
041 _2hin
_ahin
100 _aयादव, रवि प्रकाश, ले.
110 _aदिल्ली विश्वविद्यालय. कला संकाय. हिन्दी विभाग
245 0 _aहिन्दी आलोचना में बिहारी (विशेष संदर्भ
_b पद्मसिंह शर्मा, कृष्णबिहारी मिश्र, लाला भगवानदीन)।
246 _aHindī ālochanā mean bihārī ;visheṣh sandarbharū padmasianha sharmāe kṛuṣhṇabihārī mishrae lālā bhagavānadīnaddha।
260 _c2017
300 _a130पृ.
_ccm.
700 _aदिल्ली विश्वविद्यालय. कला संकाय. हिन्दी विभाग
942 _cDIS
_2CC
999 _c905974
_d905974